Представление документа в формате RUSMARC

ПолеНазваниеЗначение
  Тип записи a
  Библиографический уровень m
001 Контрольный номер RU\bookru\bibl\919290
003 Постоянный идентификатор записи http://www.book.ru/book/919290
005 Дата корректировки 20161026112536.2
010 Индекс ISBN __
a ISBN 978-5-406-03086-8
100 Данные общей обработки 0_
a Данные общей обработки 20151210d2014 mk y0rusy50 ca
101 Язык документа 0_
a Язык текста Русский
102 Страна публикации __
a Страна публикации RU
105 Кодированные данные (монография) __
a Кодированные данные (монография) y ||||000yy
200 Заглавие и сведения об ответственности 1_
a Заглавие Чрезвычайные ситуации: защита населения и территорий (для бакалавров)
210 Выходные данные __
a Место издания Москва
c Издательство КноРус
d Дата издания 2014
215 Физическое описание __
a Объем 365
330 Аннотация __
a Аннотация Обобщен материал учебной и специальной литературы, посвященный организационному аспекту управленческой деятельности. В пособии подчеркивается универсальность законов и принципов организации для различных систем, даются простые для восприятия определения основных категорий организационной науки, приводятся разнообразные примеры, способствующие пониманию основ организационной деятельности. Рассмотрены нормативные основы и обобщенный опыт по организационному проектированию и оценке эффективности организационных решений. Соответствует ФГОС ВПО третьего поколения. Для студентов бакалавриата, магистрантов и аспирантов, обучающихся по направлению «Менеджмент», преподавателей и специалистов-практиков.
606 Тематические рубрики __
a Основная рубрика Безопасность жизнедеятельности. Пожарная, промышленная безопасность
2 Код системы local
608 Указатель предметных рубрик __
a Жанр/форма Учебное пособие
2 Код системы local
675 Индекс УДК __
a Индекс УДК 614(075.8)
z Язык издания rus
686 Индексы других классификаций __
a Классификационный индекс 68.9я73
2 Код системы rubbk
700 Автор _1
a Фамилия Юртушкин В.И.
801 Источник записи _1
a Страна RU
b Организация book_ru
c Дата составления 20151210
g Правила каталогизации RCR
856 Электронный адрес документа 4_
u Универсальный указатель ресурса (URL) http://www.book.ru/book/919290
951 __
a http://www.book.ru/book/919290